Traité de la responsabilité du transporteur maritime

Salvato in:
Dettagli Bibliografici
Autore principale: Fraikin, Guy (Autore)
Natura: Libro
Lingua:francese
Pubblicazione: París Librairie Générale de Droit et de Jurisprudence 1957
Soggetti:
Tags: Aggiungi Tag
Nessun Tag, puoi essere il primo ad aggiungerne!!

MARC

LEADER 00000nam a2200000 a 4500
001 UCS2275
003 CL-VaPUC
008 970523e19570000FR |||||||||||||||||fre|d
082 0 4 |a 346.086  |b FRA  |2 21 
100 0 |a Fraikin, Guy  |e author  |9 387528 
245 1 0 |a Traité de la responsabilité du transporteur maritime 
300 |a 464 p 
942 |c BK 
945 |d 19970523 00:00:00  |a cmena 
260 |a París  |b Librairie Générale de Droit et de Jurisprudence  |c 1957 
650 0 |a Derecho comercial   |9 256340 
650 0 |a Derecho mercantil  |9 371888 
650 0 |a Transporte marítimo  |9 260127 
650 7 |a SEGUROS  |2 CL-VaPUC  |9 387529 
650 0 |a Obligaciones   |9 255578 
650 7 |a RESPONSABILIDAD CIVIL  |2 CL-VaPUC  |9 387530 
650 0 |a Contratos  |9 255153 
650 7 |a NAVES  |2 CL-VaPUC  |9 380983 
650 7 |a AVERIA  |2 CL-VaPUC  |9 387531 
650 7 |a SEGURO MARITIMO  |2 CL-VaPUC  |9 387532 
583 |a last modification  |c 19970523 00:00:00  |k Rodrigo Vera 
999 |c 260249  |d 260247 
952 |0 0  |1 0  |4 0  |6 346_086000000000000_FRA_1957  |7 0  |8 A  |9 286185  |a BIBDER  |b BIBDER  |d 2019-11-19  |i 1858823  |o 346.086 FRA 1957  |p 1858823  |r 2023-01-25  |w 2019-11-19  |y BK  |k DER